Inside No.9 Number 9s - Statistics

General Stats
  • This quiz has been taken 37 times
  • The average score is 31 of 55
Answer Stats
Picture Answer % Correct
3 by 3
96%
Zanzibar
92%
Mr King
88%
Bernie Clifton's Dressing Room
84%
Mulberry Close
84%
The Understudy
84%
To Have and To Hold
84%
And the Winner Is...
80%
La Couchette
80%
Wise Owl
80%
A Quiet Night In
76%
Curse of the Ninth
76%
Dead Line
72%
Merrily, Merrily
72%
Wuthering Heist
72%
Diddle Diddle Dumpling
68%
Lip Service
68%
Love's Great Adventure
68%
Private View
68%
CTRL/ALT/ESC
64%
Plodding On
64%
Sardines
64%
The Stakeout
64%
Cold Comfort
60%
Nana's Party
60%
The Trial of Elizabeth Gadge
60%
Empty Orchestra
56%
Mother's Ruin
56%
The Bill
56%
Tom and Gerri
56%
Last Gasp
52%
Misdirection
52%
Simon Says
52%
Boo to a Goose
48%
Death Be Not Proud
48%
Love is a Stranger
48%
Nine Lives Kat
48%
Thinking Out Loud
48%
Once Removed
44%
Séance Time
44%
The Harrowing
44%
The Riddle of the Sphinx
44%
The Trolley Problem
44%
Tempting Fate
40%
The Devil of Christmas
40%
Hurry Up and Wait
36%
The 12 Days of Christine
36%
The Last Weekend
36%
Paraskevidekatriaphobia
32%
The Referee's a W***er
32%
How Do You Plead?
28%
Kid/Nap
24%
A Random Act of Kindness
12%
Last Night of the Proms
12%
The Bones of St Nicholas
12%
No matching quizzes found
Score Distribution
Percent of People with Each Score
Percentile by Number Answered
Your Score History
You have not taken this quiz